000
00268nam a2200109Ia 4500
008
220204s9999 xx 000 0 und d
082
_a
82-3
_b
BLY
100
_a
Enid
245
0
_a
Enid Blyton's ruby storybook
260
_a
Kent
_b
Hodder and Stoughton
_c
1980
942
_c
BK
999
_c
37712
_d
37712